<?xml version="1.0" encoding="UTF-8"?>
<record
    xmlns:xsi="http://www.w3.org/2001/XMLSchema-instance"
    xsi:schemaLocation="http://www.loc.gov/MARC21/slim http://www.loc.gov/standards/marcxml/schema/MARC21slim.xsd"
    xmlns="http://www.loc.gov/MARC21/slim">

  <leader>04046nam a2200649Ii 4500</leader>
  <controlfield tag="001">DIGCSIC0203</controlfield>
  <controlfield tag="003">NyNyDIG</controlfield>
  <controlfield tag="008">160803s2015    sp ah   ob    001 0 eng d</controlfield>
  <controlfield tag="006">m     o  d        </controlfield>
  <controlfield tag="007">cr |||||||||||</controlfield>
  <datafield tag="035" ind1=" " ind2=" ">
    <subfield code="a">(OCoLC)956556743</subfield>
  </datafield>
  <datafield tag="040" ind1=" " ind2=" ">
    <subfield code="a">DGITA</subfield>
    <subfield code="b">eng</subfield>
    <subfield code="e">rda</subfield>
    <subfield code="e">pn</subfield>
    <subfield code="c">DGITA</subfield>
  </datafield>
  <datafield tag="066" ind1=" " ind2=" ">
    <subfield code="c">(3</subfield>
  </datafield>
  <datafield tag="020" ind1=" " ind2=" ">
    <subfield code="a">9788400100117</subfield>
    <subfield code="q">(eBook ;</subfield>
    <subfield code="q">pdf)</subfield>
  </datafield>
  <datafield tag="020" ind1=" " ind2=" ">
    <subfield code="a">8400100115</subfield>
    <subfield code="q">(eBook ;</subfield>
    <subfield code="q">pdf)</subfield>
  </datafield>
  <datafield tag="020" ind1=" " ind2=" ">
    <subfield code="z">9788400100100</subfield>
  </datafield>
  <datafield tag="020" ind1=" " ind2=" ">
    <subfield code="z">8400100107</subfield>
  </datafield>
  <datafield tag="024" ind1="7" ind2=" ">
    <subfield code="a">723-15-160-2</subfield>
    <subfield code="q">ebook</subfield>
    <subfield code="2">nipo</subfield>
  </datafield>
  <datafield tag="041" ind1="1" ind2=" ">
    <subfield code="a">eng</subfield>
    <subfield code="a">ara</subfield>
    <subfield code="h">ara</subfield>
  </datafield>
  <datafield tag="050" ind1="1" ind2="4">
    <subfield code="a">D967 ebook</subfield>
  </datafield>
  <datafield tag="100" ind1="1" ind2=" ">
    <subfield code="a">Ibn al-&#x1E24;ajar&#x12B;, A&#x1E25;mad ibn Q&#x101;sim,</subfield>
    <subfield code="d">active 17th century,</subfield>
    <subfield code="e">author.</subfield>
  </datafield>
  <datafield tag="240" ind1="1" ind2="0">
    <subfield code="a">N&#x101;&#x1E63;ir al-d&#x12B;n &#x2BB;al&#xE1; al-qawm al-k&#x101;fir&#x12B;n.</subfield>
    <subfield code="l">English</subfield>
  </datafield>
  <datafield tag="245" ind1="1" ind2="0">
    <subfield code="a">Kit&#x101;b N&#x101;&#x1E63;ir al-d&#x12B;n &#x2BB;al&#x101; &#x2BC;l-qawm al-k&#x101;fir&#x12B;n =</subfield>
    <subfield code="b">(The supporter of religion against the infidels) /</subfield>
    <subfield code="c">A&#x1E25;mad ibn Q&#x101;sim al-&#x1E24;ajar&#x12B; ; general introduction, critical edition and annotated translation, re-edited, revised, and updated in the light of recent publications and the primitive version found in the hitherto unknown manuscript preserved in al-Azhar by P.S. van Koningsveld, Q. al-Samarrai and G.A. Wiegers.</subfield>
  </datafield>
  <datafield tag="246" ind1="3" ind2="1">
    <subfield code="a">Supporter of religion against the infidels</subfield>
  </datafield>
  <datafield tag="880" ind1="1" ind2="5">
    <subfield code="6">246-01/(3/r</subfield>
    <subfield code="a">&#x646;&#x627;&#x635;&#x631; &#x627;&#x644;&#x62F;&#x64A;&#x646; &#x639;&#x644;&#x649; &#x627;&#x644;&#x642;&#x648;&#x645; &#x627;&#x644;&#x643;&#x627;&#x641;&#x631;&#x64A;&#x646;&#x202A;&#x202A;</subfield>
  </datafield>
  <datafield tag="246" ind1="1" ind2="5">
    <subfield code="6">880-01</subfield>
    <subfield code="a">N&#x101;&#x1E63;ir al-d&#x12B;n &#x2BB;al&#xE1; al-qawm al-k&#x101;fir&#x12B;n</subfield>
  </datafield>
  <datafield tag="250" ind1=" " ind2=" ">
    <subfield code="a">Segunda edici&#xF3;n, revisada y ampliada.</subfield>
  </datafield>
  <datafield tag="264" ind1=" " ind2="1">
    <subfield code="a">Madrid :</subfield>
    <subfield code="b">Consejo Superior de Investigaciones Cient&#xED;ficas,</subfield>
    <subfield code="c">2015.</subfield>
  </datafield>
  <datafield tag="300" ind1=" " ind2=" ">
    <subfield code="a">1 online resource :</subfield>
    <subfield code="b">illustrations, facsimiles (color)</subfield>
  </datafield>
  <datafield tag="336" ind1=" " ind2=" ">
    <subfield code="a">text</subfield>
    <subfield code="b">txt</subfield>
    <subfield code="2">rdacontent</subfield>
  </datafield>
  <datafield tag="337" ind1=" " ind2=" ">
    <subfield code="a">computer</subfield>
    <subfield code="b">c</subfield>
    <subfield code="2">rdamedia</subfield>
  </datafield>
  <datafield tag="338" ind1=" " ind2=" ">
    <subfield code="a">online resource</subfield>
    <subfield code="b">cr</subfield>
    <subfield code="2">rdacarrier</subfield>
  </datafield>
  <datafield tag="490" ind1="1" ind2=" ">
    <subfield code="a">Fuentes ar&#xE1;bico-hispanas ;</subfield>
    <subfield code="v">35</subfield>
  </datafield>
  <datafield tag="500" ind1=" " ind2=" ">
    <subfield code="a">Edited from the D&#x101;r al-kutub manuscript (also used as the basis of the 1997 edition), with material from the Azhar manuscript (the primitive version, preserved in the library of al-Azhar, Cairo, in manuscript 30714) incorporated in the annotations.</subfield>
  </datafield>
  <datafield tag="500" ind1=" " ind2=" ">
    <subfield code="a">The sequence of 38 unnumbered leaves contain a color facsimile of leaves 247-284 of the al-Azhar manuscript (Maktabah al-Azhar&#x12B;yah, manuscript  30714, containing the text of the primitive version.</subfield>
  </datafield>
  <datafield tag="500" ind1=" " ind2=" ">
    <subfield code="a">Appendix Two includes a Spanish paraphrase of the original Arabic, as found in the manuscript Bologna, Biblioteca universitaria D 565. The paraphrase is followed by an English translation.</subfield>
  </datafield>
  <datafield tag="504" ind1=" " ind2=" ">
    <subfield code="a">Includes bibliographical references and index.</subfield>
  </datafield>
  <datafield tag="546" ind1=" " ind2=" ">
    <subfield code="a">Text in Arabic, English and Spanish.</subfield>
  </datafield>
  <datafield tag="588" ind1="0" ind2=" ">
    <subfield code="a">Online resource; title from PDF title page (Digitalia, viewed August 5, 2016)</subfield>
  </datafield>
  <datafield tag="651" ind1=" " ind2="0">
    <subfield code="a">Europe, Western</subfield>
    <subfield code="x">Description and travel</subfield>
    <subfield code="v">Early works to 1800.</subfield>
  </datafield>
  <datafield tag="600" ind1="1" ind2="0">
    <subfield code="a">Ibn al-&#x1E24;ajar&#x12B;, A&#x1E25;mad ibn Q&#x101;sim,</subfield>
    <subfield code="d">active 17th century</subfield>
    <subfield code="x">Travel</subfield>
    <subfield code="z">Europe, Western.</subfield>
  </datafield>
  <datafield tag="650" ind1=" " ind2="0">
    <subfield code="a">Islam</subfield>
    <subfield code="x">Relations</subfield>
    <subfield code="x">Christianity</subfield>
    <subfield code="v">Early works to 1800.</subfield>
  </datafield>
  <datafield tag="650" ind1=" " ind2="0">
    <subfield code="a">Christianity and other religions</subfield>
    <subfield code="x">Islam</subfield>
    <subfield code="v">Early works to 1800.</subfield>
  </datafield>
  <datafield tag="600" ind1="1" ind2="0">
    <subfield code="a">Ibn al-&#x1E24;ajar&#x12B;, A&#x1E25;mad ibn Q&#x101;sim,</subfield>
    <subfield code="d">active 17th century.</subfield>
    <subfield code="t">N&#x101;&#x1E63;ir al-d&#x12B;n &#x2BB;al&#xE1; al-qawm al-k&#x101;fir&#x12B;n.</subfield>
  </datafield>
  <datafield tag="655" ind1=" " ind2="0">
    <subfield code="a">Electronic books.</subfield>
  </datafield>
  <datafield tag="700" ind1="1" ind2=" ">
    <subfield code="a">Koningsveld, P. Sj. van,</subfield>
    <subfield code="d">1943-</subfield>
    <subfield code="e">editor.</subfield>
  </datafield>
  <datafield tag="700" ind1="1" ind2=" ">
    <subfield code="a">S&#x101;marr&#x101;&#x2BC;&#x12B;, Q&#x101;sim,</subfield>
    <subfield code="e">editor.</subfield>
  </datafield>
  <datafield tag="700" ind1="1" ind2=" ">
    <subfield code="a">Wiegers, Gerard Albert,</subfield>
    <subfield code="d">1959-</subfield>
    <subfield code="e">editor.</subfield>
  </datafield>
  <datafield tag="700" ind1="1" ind2="2">
    <subfield code="a">Ibn al-&#x1E24;ajar&#x12B;, A&#x1E25;mad ibn Q&#x101;sim,</subfield>
    <subfield code="d">active 17th century.</subfield>
    <subfield code="t">N&#x101;&#x1E63;ir al-d&#x12B;n &#x2BB;al&#xE1; al-qawm al-k&#x101;fir&#x12B;n.</subfield>
  </datafield>
  <datafield tag="791" ind1="2" ind2=" ">
    <subfield code="a">Digitalia (Firm),</subfield>
    <subfield code="e">distributor.</subfield>
  </datafield>
  <datafield tag="793" ind1="0" ind2=" ">
    <subfield code="g">Digitalia eBook Collection:</subfield>
    <subfield code="a">Editorial CSIC</subfield>
  </datafield>
  <datafield tag="776" ind1="0" ind2="8">
    <subfield code="i">Print version:</subfield>
    <subfield code="a">Ibn al-&#x1E24;ajar&#x12B;, A&#x1E25;mad ibn Q&#x101;sim, active 17th century.</subfield>
    <subfield code="s">N&#x101;&#x1E63;ir al-d&#x12B;n &#x2BB;al&#xE1; al-qawm al-k&#x101;fir&#x12B;n. English.</subfield>
    <subfield code="t">Kit&#x101;b N&#x101;&#x1E63;ir al-d&#x12B;n &#x2BB;al&#x101; &#x2BC;l-qawm al-k&#x101;fir&#x12B;n.</subfield>
    <subfield code="b">Second edition.</subfield>
    <subfield code="d">Madrid : Consejo Superior de Investigaciones Cient&#xED;ficas, 2015.</subfield>
    <subfield code="z">9788400100100</subfield>
    <subfield code="w">(DLC)  2016380070</subfield>
    <subfield code="w">(OCoLC)945885215</subfield>
  </datafield>
  <datafield tag="830" ind1=" " ind2="0">
    <subfield code="a">Fuentes ar&#xE1;bico-hispanas ;</subfield>
    <subfield code="v">35.</subfield>
  </datafield>
  <datafield tag="856" ind1="4" ind2="0">
    <subfield code="3">Digitalia Hisp&#xE1;nica</subfield>
    <subfield code="u">https://www.digitaliapublishing.com/a/39836/</subfield>
  </datafield>
  <datafield tag="910" ind1=" " ind2=" ">
    <subfield code="a">Premium Collection: 2016</subfield>
  </datafield>
  <datafield tag="942" ind1=" " ind2=" ">
    <subfield code="c">RAA</subfield>
  </datafield>
  <datafield tag="952" ind1=" " ind2=" ">
    <subfield code="0">0</subfield>
    <subfield code="1">0</subfield>
    <subfield code="4">0</subfield>
    <subfield code="7">0</subfield>
    <subfield code="8">DEH</subfield>
    <subfield code="a">BD-UIN</subfield>
    <subfield code="b">BD-UIN</subfield>
    <subfield code="d">2025-04-25</subfield>
    <subfield code="l">0</subfield>
    <subfield code="r">2025-04-25</subfield>
    <subfield code="w">2025-04-25</subfield>
    <subfield code="y">RAA</subfield>
  </datafield>
  <datafield tag="999" ind1=" " ind2=" ">
    <subfield code="c">245107</subfield>
    <subfield code="d">245107</subfield>
  </datafield>
</record>
